00409nam a2200121Ia 4500008004100000082001500041245006100056260003100117300001500148942000700163999001900170952009800189230907s9999||||xx |||||||||||||| ||und|| a620.14,CER 0aCeramics in nuclear and alternative energy applications/ aJohn WileybNew Yorkc2007 ax, 179 p.: cBK c597844d597844 00104070aCAS-EbCAS-Ed2018-04-04l0o620.14,CERpCAS-E0001943r2023-09-12w2023-09-12yBK